000
00309nam a2200121Ia 4500
008
220204s9999 xx 000 0 und d
082
_a
066
_b
BAD
100
_a
Banchero, Walter L
245
0
_a
Introduction to chemical engineering
260
_a
New York
_b
McGraw Hill
_c
1955
700
_a
Julius T
942
_c
BK
999
_c
20548
_d
20548